000 00832nam a2200229 a 4500
005 20180907162924.0
008 140121b2000 ck ||||| |||| 00| 0 spa d
041 _aspa
044 _ack
090 _aIAvH
_b00113
100 _aGarcía Martínez, Hernando
_94381
110 _9204
_aInstituto de Investigación de Recursos Biológicos Alexander von Humboldt
_bInstituto de Investigación de Recursos Biológicos Alexander von Humboldt
245 _aEstrategia nacional para manejo de información sobre colecciones vivas en los jardines botánicos de Colombia
260 _aBogotá
_c2000
_bs.e
300 _a57
650 _aJardines botánicos
_93608
650 _aColecciones biológicas
_94146
650 _aSistemas de información
_94385
650 _aColección viva
_94386
662 _aColombia
942 _cCD-ROM
_2z
_01
999 _c1762
_d1762